<?xml version="1.0" encoding="UTF-8"?><collection xmlns="info:lc/xmlns/marcxchange-v2"><record format="Unimarc" type="bibliographic"><leader>00908nam  2200241   450 </leader><controlfield tag="001">2220538</controlfield><controlfield tag="003">http://id.bnportugal.gov.pt/bib/porbase/2220538</controlfield><datafield ind1=" " ind2=" " tag="010"><subfield code="a">978-0-12-374254-4</subfield></datafield><datafield ind1=" " ind2=" " tag="035"><subfield code="a">ISEC_173.iso/12-11-2009/982</subfield></datafield><datafield ind1=" " ind2=" " tag="035"><subfield code="a">ISEC20090428182232</subfield></datafield><datafield ind1=" " ind2=" " tag="100"><subfield code="a">20090428d2008    k  y0porb0103    ba</subfield></datafield><datafield ind1="0" ind2=" " tag="101"><subfield code="a">eng</subfield></datafield><datafield ind1=" " ind2=" " tag="102"><subfield code="a">NL</subfield></datafield><datafield ind1="1" ind2=" " tag="200"><subfield code="a">Wireless networking</subfield><subfield code="f">Anurag Kumar, D. Manjunath, Joy Kuri</subfield></datafield><datafield ind1=" " ind2=" " tag="210"><subfield code="a">Amesterdam [etc.]</subfield><subfield code="c">Elsevier/Morgan Kaufmann</subfield><subfield code="d">cop. 2008</subfield></datafield><datafield ind1=" " ind2=" " tag="215"><subfield code="a">427 p.</subfield><subfield code="c">il</subfield></datafield><datafield ind1="2" ind2=" " tag="225"><subfield code="a">&lt;The &gt;Morgan Kaufmann series in networking</subfield></datafield><datafield ind1=" " ind2=" " tag="675"><subfield code="a">004.73</subfield><subfield code="v">BN</subfield><subfield code="z">por</subfield></datafield><datafield ind1=" " ind2="1" tag="700"><subfield code="a">Kumar</subfield><subfield code="b">Anurag</subfield></datafield><datafield ind1=" " ind2="1" tag="701"><subfield code="a">Manjunath</subfield><subfield code="b">D.</subfield><subfield code="4">070</subfield></datafield><datafield ind1=" " ind2="1" tag="701"><subfield code="a">Kuri</subfield><subfield code="b">Joy</subfield><subfield code="4">070</subfield></datafield><datafield ind1=" " ind2="0" tag="801"><subfield code="a">PT</subfield><subfield code="b">ISEC</subfield><subfield code="g">RPC</subfield></datafield><datafield ind1="4" ind2=" " tag="856"><subfield code="u">http://books.google.com/books?id=-2Af4NyXmCUC&amp;printsec=frontcover&amp;dq=Wireless+networking&amp;hl=pt-PT</subfield><subfield code="z">Informações adicionais</subfield></datafield><datafield ind1=" " ind2=" " tag="859"><subfield code="u">http://images.amazon.com/images/P/9780123742544.01.MZZZZZZZ.gif</subfield><subfield code="z">Capa do livro</subfield></datafield></record></collection>